Statistiques concernant Personnages d'anime en images - M

Cliquez ici pour prendre le quiz!

Statistiques générales

  • Ce quiz a été pris 188 fois
    (136 depuis la dernière actualisation)
  • Le résultat moyen est 12 sur 24

Statistiques - réponses

Réponse% Correct
Madara Uchiwa
94%
Minato Namikaze
92%
Meliodas
87%
Meruem
87%
Mikasa Ackermann
87%
Izuku Midoriya
78%
Dracule Mihawk
74%
Muzan Kibutsuji
74%
Mark Evans
65%
Makima
61%
Misa Amane
58%
Mononoké (San)
48%
Mirajane Strauss
44%
Mei Mei
43%
Roy Mustang
40%
Mary Saotome
36%
Atsushi Murasakibara
35%
Mayuri Kurotsuchi
20%
Mugen
16%
Misato Katsuragi
10%
Monokuma
10%
Max
9%
Miyamizu Mitsuha
6%
Muska
1%

Distribution des résultats

Percentile par nombre de réponses

% des personnes avec chaque résultat

Votre développement - résultats

Vous n’avez pas pris ce quiz depuis la dernière actualisation